[Event "Francophone-ch rapid 3rd"]
[Site "Geneve"]
[Date "2016.07.02"]
[Round "1"]
[White "Vernay, Clovis"]
[Black "Chauvin, Denis"]
[Result "1-0"]
[WhiteElo "2507"]
[BlackElo "1983"]
[PlyCount "111"]
[EventDate "2016.07.02"]
[EventType "swiss (rapid)"]
[EventRounds "15"]
[EventCountry "SUI"]
[SourceTitle "CBM 173 Extra"]
[Source "ChessBase"]
[SourceDate "2016.08.29"]
[SourceVersion "1"]
[SourceVersionDate "2016.08.29"]
[SourceQuality "1"]

1. d4 Nf6 2. c4 e6 3. Nc3 Bb4 4. Qc2 c5 5. dxc5 Bxc5 6. Nf3 Nc6 7. e3 b6 8. Be2 Bb7 9. 0-0 0-0 10. Rd1 Qc7 11. Nb5 Qb8 12. a3 a6 13. Nbd4 e5 14. Nf5 Re8 15. b4 Bf8 16. Bb2 g6 17. Ng3 d6 18. Ng5 Qc7 19. Rac1 Rac8 20. Qd2 Rcd8 21. N3e4 Be7 22. Nc3 Qd7 23. Bf3 Nb8 24. Nge4 Nxe4 25. Bxe4 Bxe4 26. Nxe4 Nc6 27. Nc3 Rb8 28. Qe2 Bf6 29. Qf3 Re6 30. Ne4 Be7 31. h3 f5 32. Nc3 e4 33. Qe2 Bf6 34. Nd5 Bxb2 35. Qxb2 Kf7 36. Rd2 Ne7 37. Nf4 Rf6 38. Rcd1 Rc8 39. Qxf6+ Kxf6 40. Rxd6+ Qxd6 41. Rxd6+ Kf7 42. Rxb6 Rxc4 43. Rxa6 Rc1+ 44. Kh2 g5 45. Ne6 h6 46. Nd4 f4 47. Rxh6 fxe3 48. fxe3 Rc3 49. a4 Rxe3 50. Rh7+ Ke8 51. Rxe7+ Kxe7 52. Nf5+ Ke6 53. Nxe3 Kd6 54. Kg3 Ke5 55. a5 Kd4 56. Kf2 1-0

[Event "Lausanne op"]
[Site "Lausanne"]
[Date "2007.09.17"]
[Round "7"]
[White "Chauvin, Denis"]
[Black "Landenbergue, Claude"]
[Result "1/2-1/2"]
[WhiteElo "2017"]
[BlackElo "2458"]
[PlyCount "124"]
[EventDate "2007.09.14"]
[EventType "swiss"]
[EventRounds "7"]
[EventCountry "SUI"]
[SourceTitle "CBM 120 Extra"]
[Source "ChessBase"]
[SourceDate "2007.11.01"]
[SourceVersion "1"]
[SourceVersionDate "2007.11.01"]
[SourceQuality "1"]

1. d4 Nf6 2. Nf3 g6 3. c4 Bg7 4. Nc3 0-0 5. e4 d6 6. Be2 Bg4 7. Be3 a6 8. 0-0 Nfd7 9. Ne1 Bxe2 10. Qxe2 c5 11. Nc2 Nc6 12. Rfd1 cxd4 13. Nxd4 Rc8 14. Rac1 Re8 15. b3 Qa5 16. Qd2 Nf6 17. f3 Red8 18. Nce2 Qc7 19. Nc3 Qa5 20. Nce2 Qxd2 21. Rxd2 Nxd4 22. Rxd4 Nd7 23. Rdd1 Rc6 24. Kf2 Rdc8 25. f4 Nc5 26. Kf3 Kf8 27. g3 Ne6 28. h3 Ke8 29. h4 h5 30. f5 Nf8 31. Nd4 Bxd4 32. Rxd4 Nd7 33. Rcd1 Ne5+ 34. Ke2 Ng4 35. fxg6 fxg6 36. Bg5 Rc5 37. Rd5 Ne5 38. Rxc5 Rxc5 39. Rd5 Rc6 40. Bf4 Nf7 41. Rd1 Kd7 42. e5 Ke6 43. exd6 exd6 44. Kd3 b5 45. cxb5 axb5 46. Rc1 Ne5+ 47. Kd4 Ra6 48. Re1 Rxa2 49. Bxe5 dxe5+ 50. Rxe5+ Kf6 51. Rxb5 Rd2+ 52. Kc4 Rc2+ 53. Kb4 Re2 54. Rg5 Re6 55. Kc5 Ke7 56. b4 Kd7 57. b5 Kc7 58. g4 hxg4 59. Rxg4 Rf6 60. Re4 Rf5+ 61. Kc4 g5 62. hxg5 Rxg5 1/2-1/2